000 00843cab a2200229 4500
001 WB3440-36
008 090401t1998 xxu||||| |||| 00| 0 eng d
035 _a(Sirsi) u89176
041 _aeng
245 _aControls on opencast mining
260 _c1998
350 _a0
490 _aDETR News Release
_v(851) 16 October 1998
490 _aWeekend Financial Times
_v17 October 1998, 7(7)
520 _aThe Planning Minister has announced the draft revised Minerals Planning Guidance on Coal Mining and Colliery Spoil which proposes tougher planning controls on opencast coal mining. The mining industry and environmental groups have given the proposals a guarded welcome.
650 _aMPG3
650 _aOPENCAST COAL MINING
650 _aPLANNING CONTROLS
690 _aMINING AND MINERALS
942 _n0
948 _c21/10/1998
999 _c56396
_d56396